00424nam a2200157Ia 4500008004100000020001500041041001200056082001600068100001500084245009500099250000800194260002100202300000800223650001900231700001600250221030s9999 xx 000 0 und d a0070589445 aEnglish a105.23bShi aJ. K. Shim 0aSchaum`s Outline of Theory & Problems of Managerial Accountingcby J. K. Shim, J.G. Siegel a2nd bTMHaDelhic2004 a360 aMCA Management aJ.G. Siegel